000
00356nam a2200133Ia 4500
008
151001s9999||||xx |||||||||||||| ||und||
100
_a
हरी नारायण आपटे
245
_a
तीन नाटके
250
_a
1
260
_b
आर्यभूषण मुद्रणालय
260
_c
1964
300
_a
124
365
_b
7
999
_c
953545
_d
953542